| 000 | 00775nam a22002177a 4500 | ||
|---|---|---|---|
| 999 |
_c19817 _d19817 |
||
| 003 | AR-CdUCM | ||
| 008 | 190522b ||||| |||| 00| 0 spa d | ||
| 020 | _a968-29-1739-5 | ||
| 040 |
_aMUNICIPALIDAD PROVINCIAL DEL CUSCO _cBIBLIOTECA MUNICIPAL DEL CUSCO |
||
| 082 |
_a011/ _bA17 |
||
| 100 |
_aAceves de la mora, Jose Luis _941437 |
||
| 245 | _aCompilación bibliográfica sobre flora Oaxaqueña / | ||
| 260 |
_aMéxico : _bInstituto politecnico nacional, _c1988. |
||
| 300 |
_a141 paginas; _bilustraciones _c24 cm. |
||
| 505 | _aContenido: Abies oaxacana -- Acacia Llaccifera -- aechmea magdalenae... | ||
| 650 |
_aÁrbol del tule _941438 |
||
| 650 |
_aÁrbol de Oaxaca _941439 |
||
| 650 |
_aVegetación _922894 |
||
| 942 |
_2ddc _cLIBROS |
||
| 945 |
_aJavier _d2019-05-22 |
||